00999nab a22002177a 4500003000400000005001700004008004100021040000700062100002000069245012000089260004200209300001100251500003600262505018000298505008900478650002000567650001700587650002100604650004300625773011300668OSt20260303092646.0190506c xxu||||| |||| 00| 0 spa d cPJ aGarcía, Nadia10aRegímenes previsionales diferenciales. Intimación a jubilarse y necesidad de armonización / cNadia García. aBuenos Aires :bAbeledoPerrot,c2025. ap. 3-8 aCita: TR LALEY AR/DOC/667/2025. aSumario: I. Antecedentes.— II. Los efectos de la ley 24.241 en el cálculo del haber.— III. La intimación a jubilarse en regímenes diferenciales.— IV. Conclusiones. t¿Te interesa el texto completo? Comunicate al correo: koha@justierradelfuego.gov.ar 0aDERECHO LABORAL 0aJUBILACIONES 0aSEGURIDAD SOCIAL 0aAPORTES Y CONTRIBUCIONES PREVISIONALES0 02751dBuenos Aires : AbeledoPerrot, 2013-tRevista de derecho laboral y seguridad social. Nº 9 - Mayo 2025